LIBRARY & INFORMATION CENTRE, KCAET, TAVANUR

ONLINE PUBLIC ACCESS CATALOGUE (OPAC)

Fundamentals of irrigation engineering / (Record no. 2307)

MARC details
000 -LEADER
fixed length control field 00487cam a2200193ua 4500
041 ## - LANGUAGE CODE
Language code of text/sound track or separate title eng
082 ## - DEWEY DECIMAL CLASSIFICATION NUMBER
Classification number 631.5871
Item number BHA/FU
100 ## - MAIN ENTRY--AUTHOR NAME
Personal name Bharat, Singh .
245 ## - TITLE STATEMENT
Title Fundamentals of irrigation engineering /
250 ## - EDITION STATEMENT
Edition statement 1 /
260 ## - PUBLICATION, DISTRIBUTION, ETC. (IMPRINT)
Place of publication Roorkel :
Name of publisher Nem Chand And Bros ,
Year of publication 1964.
300 ## - PHYSICAL DESCRIPTION
Number of Pages 528 ; .
500 ## - GENERAL NOTE
General note 19013-14 Scheme
942 ## - ADDED ENTRY ELEMENTS (KOHA)
Koha item type Books
Holdings
Withdrawn status Lost status Damaged status Home library Current library Date acquired Full call number Accession Number Koha item type
      KAUAET   07/04/2012 631.5871 19014 Books
      KAUAET   07/04/2012 631.5871 19013 Books
      KAUAET KAUAET 07/04/2012 631.5871 10469 Books
      KAUAET KAUAET 28/09/2022 631.5871 BHA/FU 12855 Books
free website counter